| 000 | 00936nam a2200229Ia 4500 | ||
|---|---|---|---|
| 003 | IN-BaIIA | ||
| 008 | 211028s9999 xx 000 0 eng d | ||
| 040 | _cIIA Library | ||
| 080 |
_a52-77(082.2) _bCOM |
||
| 111 |
_aWorkshop on Compact Steep Spectrum and GHZ Peaked Spectrum Radio Sources _cNetherlands _d1990 June 18-19 _917166 |
||
| 245 | 0 |
_aCompact steep spectrum and GHZ peaked spectrum radio sources _bworkshop held in Dwingeloo the Netherlands on June 18-19, 1990 _cedited by C. Fantiā¦[et al.] |
|
| 260 |
_aBologna _bConsiglio Nazionale Della Richerche _c1990 |
||
| 300 | _aii, 234p. | ||
| 650 | _aAstronomy and Astrophysics Thesaurus | ||
| 650 |
_aRadio Sources _93666 |
||
| 650 |
_aSpectrum _917167 |
||
| 700 |
_aFanti, C., ed. _917168 |
||
| 700 |
_aFanti, R., ed. _913475 |
||
| 700 |
_aO'Dea, C. P., ed. _917169 |
||
| 700 |
_aSchilizzi, R. T., ed. _917170 |
||
| 942 | _cBK | ||
| 999 |
_c10132 _d10132 |
||